| 000 | 00547nam a2200217 a 4500 | ||
|---|---|---|---|
| 001 | BRCA_3504 | ||
| 005 | 20190320204318.0 | ||
| 008 | 250709s1937----mx-a---###---#000-0#spa-# | ||
| 041 | _aspa | ||
| 044 | _amx | ||
| 050 | 4 |
_aF1226 _b.V37 1937 |
|
| 100 | 1 |
_aVasconcelos Calderon, José. _99116 |
|
| 245 | 1 | 0 |
_aBreve historia de México _cJosé Vasconcelos. |
| 250 | _a2 | ||
| 260 |
_aMéxico _bEdiciones Botas _c1937 |
||
| 300 |
_a638 p. _bil. _c20 cm. |
||
| 500 | _aB89. | ||
| 651 | 4 |
_aMéxico _xHistoria. _9614 |
|
| 902 | _aGFM | ||
| 942 |
_2lcc _cB |
||
| 999 |
_c3239 _d3239 |
||